Political business cycles : the political economy of money, inflation, and unemployment

Αποθηκεύτηκε σε:
Λεπτομέρειες βιβλιογραφικής εγγραφής
Άλλοι συγγραφείς: Willett, Thomas D.
Μορφή: Βιβλίο
Γλώσσα:English
Δημοσίευση: Durham [N.C.] : Duke University Press, 1988
Θέματα:
Ετικέτες: Προσθήκη ετικέτας
Δεν υπάρχουν, Καταχωρήστε ετικέτα πρώτοι!

MARC

LEADER 00000cam a2200000 i 4500
001 1/27495
008 950727s1988 eng d
020 |a 082230824X ((alk. paper)) 
020 |a 0822308428 ((pbk. : alk. paper)) 
035 |l 10022866 
040 |a GR-MY-UA  |b gre  |e aacr 
041 0 |a eng 
082 0 |a 338.5/42/0973  |2 (19) 
245 1 0 |a Political business cycles :  |b the political economy of money, inflation, and unemployment /  |c edited by Thomas D. Willett 
260 |a Durham [N.C.] :   |b Duke University Press,   |c 1988 
300 |a xxii, 521 p.;  |b ill.;  |c 25 cm 
500 |a "A Pacific Research Institute for Public Policy book." 
504 |a Includes bibliographies and index 
650 0 0 |a Business cycles  |x Political aspects  |z United States. 
650 0 0 |a Unemployment  |x Effect of inflation on  |z United States. 
650 0 0 |a Monetary policy  |z United States. 
700 1 |a Willett, Thomas D. 
852 |a INST  |b CHIOS  |e 19950727  |h 338.5420973 POL  |p 005200002232  |q 005200002232  |t BK  |y 0 
909 |a Χ  |b 027633